000 01939cam a2200421Li 4500
001 933938296
003 OCoLC
005 20161003142117.0
008 160105t20152015mx a j 000 1 spa d
020 _a9786079346591
020 _a6079346591
037 _a1394631
_bQBI
040 _aQBX
_beng
_erda
_cQBX
_dOCLCO
_dOCLCF
_dOCLCO
041 _aspa
092 _aTeen Spanish 158.1
_bMercado
100 1 _aMercado, Blanca,
_eauthor.
245 1 0 _aNi princesa ni zorrita :
_bNiNi : inteligencia amorosa para adolescentes : prohibido para padres metiches y criticones : o leer! /
_cBlanca Mercado.
260 _aMéxico, DF :
_bEditorial Pax México,
_c2015.
264 1 _aMéxico, DF :
_bEditorial Pax México,
_c2015.
264 4 _c2015.
300 _avi, 120 pages :
_bcolor illustrations ;
_c22 cm.
336 _atext
_btxt
_2rdacontent.
337 _aunmediated
_bn
_2rdamedia.
338 _avolume
_bnc
_2rdacarrier.
520 _a"Inspired by her experiences with her own daughter, author Blanca Mercado offers this interactive novel for even the most skeptical adolescents. She understands that young people need encouragement to take risks and fight for their dreams without sacrificing their personal values. More than just a fun novel, the book is also a guide with activities in the final chapters that invite readers to join NiNi"--
_cAmazon.com, viewed January 5, 2016.
650 0 _aTeenage girls
_vJuvenile fiction.
650 0 _aSelf-confidence in adolescence
_vJuvenile fiction.
650 1 _aTeenage girls.
650 1 _aSelf-confidence.
650 7 _aMuchachas.
_2bidex
650 7 _aAdolescentes.
_2bidex.
650 7 _aSeguridad en si mismo.
_2bidex
650 7 _aSelf-confidence in adolescence.
_2fast
_0(OCoLC)fst01745219.
650 7 _aTeenage girls.
_2fast
_0(OCoLC)fst01145412.
655 7 _aFiction.
_2fast
_0(OCoLC)fst01423787.
655 7 _aJuvenile works.
_2fast
_0(OCoLC)fst01411637.
942 _cBK
999 _c16270
_d16270